Toxicological profile for methyl parathion.

Bibliographic Details
Corporate Author: United States. Agency for Toxic Substances and Disease Registry
Format: Government Document eBook
Language:English
Published: Atlanta, Ga. : U.S. Department of Health and Human Services, Public Health Service, Agency for Toxic Substances and Disease Registry, [2001]
Subjects:
Online Access:https://purl.fdlp.gov/GPO/gpo31617

MARC

Tag First Indicator Second Indicator Subfields
LEADER 00000cam a2200000 a 4500
001 in00002787675
005 20211120170406.0
006 m o d f
007 cr bn|||||||||
008 121127s2001 gaua ob f000 0 eng c
035 |a (OCoLC)ocn819403063 
040 |a GPO  |c GPO  |d MvI  |d UtOrBLW 
042 |a pcc 
049 |a WWW 
074 |a 0504-R-04 (online) 
086 0 |a HE 20.518:M 56/5 
245 0 0 |a Toxicological profile for methyl parathion. 
264 1 |a Atlanta, Ga. :  |b U.S. Department of Health and Human Services, Public Health Service, Agency for Toxic Substances and Disease Registry,  |c [2001] 
300 |a 1 online resource (xix, 226 pages) :  |b illustrations 
336 |a text  |b txt  |2 rdacontent 
337 |a computer  |b c  |2 rdamedia 
338 |a online resource  |b cr  |2 rdacarrier 
500 |a Title from title screen (viewed on Nov. 26, 2012). 
500 |a "September 2001." 
504 |a Includes bibliographical references (pages 171-219). 
500 |a Electronic resource. 
650 0 |a Parathion  |x Toxicology. 
650 0 |a Parathion  |x Environmental aspects. 
650 0 |a Parathion  |x Physiological effect. 
710 1 |a United States.  |b Agency for Toxic Substances and Disease Registry. 
856 4 0 |u https://purl.fdlp.gov/GPO/gpo31617  |t 0 
999 |a MARS 
999 f f |s 9fd99747-64d8-3539-a7a4-990d10da459a  |i c390ca63-aa1a-3f59-98ff-cbc4526e5592  |t 0 
952 f f |a Texas A&M University  |b College Station  |c Electronic Resources  |d Available Online  |t 0  |e HE 20.518:M 56/5  |h Superintendent of Documents classification 
998 f f |a HE 20.518:M 56/5  |t 0  |l Available Online